000 00490cam a22001931 4500
001 af 48003105
003 DLC
005 20260227110900.0
008 890406s1946 gw 000 0 ger c
010 _aaf 48003105
035 _a(OCoLC)19505589
040 _aYale Univ. Library
_cCU
_dDLC
042 _apremarc
050 0 0 _aPT2617.O194
_bV6
100 1 _aHöcker, Karla,
_d1901-
245 1 0 _aVom Trost auf Erden.
260 _aBerlin,
_bL. Blanvalet,
_c1946.
300 _a109 p.
_c20 cm.
999 _c5405
_d5405